Ultimate Super Bowl Quiz: Teams by the Years of their SB Wins/Losses - Statistics

General Stats
  • This quiz has been taken 91 times
  • The average score is 27 of 39
Answer Stats
Super Bowl Winning %
Super Bowl Wins Super Bowl Losses Super Bowl Winning Years Super Bowl Losing Years Years Active in SB Era City Team Name % Correct
100.0% 2 0 2002, 2020 Never 1976-Present Tampa Bay Buccaneers
99%
100.0% 2 0 2000, 2012 Never 1996-Present Baltimore Ravens
91%
62.5% 5 3 1981, 1984, 1988, 1989, 1994 2012, 2019, 2023 1966-Present San Francisco 49ers
89%
75.0% 6 2 1974, 1975, 1978, 1979, 2005, 2008 1995, 2010 1966-Present Pittsburgh Steelers
89%
57.1% 4 3 1969, 2019, 2022, 2023 1966, 2020, 2024 1966-Present Kansas City Chiefs
87%
50.0% 6 6 2001, 2003, 2004, 2014, 2016, 2018 1985, 1996, 2007, 2011, 2017, 2025 1966-Present Boston/ New England Patriots
87%
80.0% 4 1 1986, 1990, 2007, 2011 2000 1966-Present New York Giants
86%
100.0% 1 0 2009 Never 1967-Present New Orleans Saints
86%
80.0% 4 1 1966, 1967, 1996, 2010 1997 1966-Present Green Bay Packers
85%
100.0% 1 0 1968 Never 1966-Present New York Jets
84%
62.5% 5 3 1971, 1977, 1992, 1993, 1995 1970, 1975, 1978 1966-Present Dallas Cowboys
81%
50.0% 2 2 1976, 1980 1967, 2002 1966-1981; 1995-2019 Oakland Raiders
80%
40.0% 2 3 2017, 2024 1980, 2004, 2022 1966-Present Philadelphia Eagles
78%
0.0% 0 4 Never 1990, 1991, 1992, 1993 1966-Present Buffalo Bills
77%
37.5% 3 5 1997, 1998, 2015 1977, 1986, 1987, 1989, 2013 1966-Present Denver Broncos
77%
33.3% 1 2 2021 1979, 2018 1966-1994; 2016-Present Los Angeles Rams
77%
60.0% 3 2 1982, 1987, 1991 1972, 1983 1966-Present Washington Redskins/ Football Team/ Commanders
77%
50.0% 2 2 2013, 2025 2005, 2014 1976-Present Seattle Seahawks
76%
50.0% 1 1 1985 2006 1966-Present Chicato Bears
71%
0.0% 0 3 Never 1981, 1988, 2021 1968-Present Cincinnati Bengals
70%
50.0% 1 1 2006 2009 1984-Present Indianapolis Colts
70%
50.0% 1 1 1999 2001 1995-2015 St. Louis Rams
70%
0.0% 0 4 Never 1969, 1973, 1974, 1976 1966-Present Minnesota Vikings
70%
40.0% 2 3 1972, 1973 1971, 1982, 1984 1966-Present Miami Dolphins
68%
0.0% 0 2 Never 2003, 2015 1995-Present Carolina Panthers
68%
0.0% 0 2 Never 1998, 2016 1966-Present Atlanta Falcons
66%
0.0% 0 1 Never 1994 1966-2016 San Diego Chargers
63%
N/A 0 0 Never Never 1966-Present AFC Team Cleveland Browns
62%
N/A 0 0 Never Never 2002-Present Houston Texans
61%
0.0% 0 1 Never 1999 1997-Present Tennessee Oilers/ Titans
58%
0.0% 0 1 Never 2008 1988-Present Phoenix/ Arizona Cardinals
57%
N/A 0 0 Never Never 1966-Present NFC Team Detroit Lions
57%
50.0% 1 1 1970 1968 1966-1983 Baltimore Colts
56%
100.0% 1 0 1983 Never 1982-1994 Los Angeles Raiders
56%
N/A 0 0 Never Never 1995-Present Jacksonville Jaguars
49%
N/A 0 0 Never Never 2017-Present Los Angeles Chargers
46%
N/A 0 0 Never Never 2020-Present Las Vegas Raiders
44%
N/A 0 0 Never Never 1966-1996 Houston Oilers
38%
N/A 0 0 Never Never 1966-1987 St. Louis Cardinals
24%
No matching quizzes found
Score Distribution
Percent of People with Each Score
Percentile by Number Answered
Your Score History
You have not taken this quiz